|
|
|
|
| LEADER |
01988nam a22003853i 4500 |
| 001 |
EBC7015251 |
| 003 |
MiAaPQ |
| 005 |
20231204023225.0 |
| 006 |
m o d | |
| 007 |
cr cnu|||||||| |
| 008 |
231204s2021 xx o ||||0 eng d |
| 020 |
|
|
|a 9783110695366
|q (electronic bk.)
|
| 035 |
|
|
|a (MiAaPQ)EBC7015251
|
| 035 |
|
|
|a (Au-PeEL)EBL7015251
|
| 035 |
|
|
|a (OCoLC)1253313645
|
| 040 |
|
|
|a MiAaPQ
|b eng
|e rda
|e pn
|c MiAaPQ
|d MiAaPQ
|
| 100 |
1 |
|
|a Horn, Anna Catharina.
|
| 245 |
1 |
4 |
|a The Meaning of Media :
|b Texts and Materiality in Medieval Scandinavia.
|
| 250 |
|
|
|a 1st ed.
|
| 264 |
|
1 |
|a Berlin/Boston :
|b Walter de Gruyter GmbH,
|c 2021.
|
| 264 |
|
4 |
|c Ã2021.
|
| 300 |
|
|
|a 1 online resource (228 pages)
|
| 336 |
|
|
|a text
|b txt
|2 rdacontent
|
| 337 |
|
|
|a computer
|b c
|2 rdamedia
|
| 338 |
|
|
|a online resource
|b cr
|2 rdacarrier
|
| 490 |
1 |
|
|a Modes of Modification Series ;
|v v.1
|
| 520 |
|
|
|a Variance characterises the textual culture of the Middle Ages on all levels. Analysing this variance is paramount to understand the norms and transformations involved in the process of establishing a literate culture. This series focuses on the literate output in the Nordic region, from the perspective of Modes of Modification. In order to place the region in a larger context, it also encourages comparative studies with a wider European view.
|
| 588 |
|
|
|a Description based on publisher supplied metadata and other sources.
|
| 590 |
|
|
|a Electronic reproduction. Ann Arbor, Michigan : ProQuest Ebook Central, 2023. Available via World Wide Web. Access may be limited to ProQuest Ebook Central affiliated libraries.
|
| 655 |
|
4 |
|a Electronic books.
|
| 700 |
1 |
|
|a Johansson, Karl G.
|
| 776 |
0 |
8 |
|i Print version:
|a Horn, Anna Catharina
|t The Meaning of Media
|d Berlin/Boston : Walter de Gruyter GmbH,c2021
|
| 797 |
2 |
|
|a ProQuest (Firm)
|
| 830 |
|
0 |
|a Modes of Modification Series
|
| 856 |
4 |
0 |
|u https://ebookcentral.proquest.com/lib/matrademy/detail.action?docID=7015251
|z Click to View
|